书目信息 |
| 题名: |
全球化时代的新帝国主义批判
|
|
| 作者: | 覃诗雅 著 | |
| 分册: | ||
| 出版信息: | 北京 当代中国出版社 2022.03 |
|
| 页数: | 264页 | |
| 开本: | 24cm | |
| 丛书名: | 世界马克思主义与左翼研究论丛 | |
| 单 册: | ||
| 中图分类: | A81 , D033.3 | |
| 科图分类: | ||
| 主题词: | 马克思主义--ma ke si zhu yi--研究 , 帝国主义--di guo zhu yi--研究 | |
| 电子资源: | ||
| ISBN: | 978-7-5154-1172-9 | |
| 000 | 01200oam2 2200277 450 | |
| 001 | 011025153204 | |
| 005 | 20221025153204.0 | |
| 010 | @a978-7-5154-1172-9@dCNY78.00 | |
| 100 | @a20201004d2022 kemy0chiy0120 ea | |
| 101 | 0 | @achi |
| 102 | @aCN@b110000 | |
| 105 | @ay v 000yy | |
| 106 | @ar | |
| 200 | 1 | @a全球化时代的新帝国主义批判@Aquan qiu hua shi dai de xin di guo zhu yi pi pan@f覃诗雅著 |
| 210 | @a北京@c当代中国出版社@d2022.03 | |
| 215 | @a264页@d24cm | |
| 225 | 2 | @a世界马克思主义与左翼研究论丛@Ashi jie ma ke si zhu yi yu zuo yi yan jiu lun cong@f姜辉主编 |
| 300 | @a“十四五”时期国家重点出版物出版专项规划项目 | |
| 330 | @a本书在借鉴马克思的资本主义批判理论、第二国际到列宁的帝国主义批判理论、国外马克思主义的新帝国主义批判理论的基础上,从经济、政治、军事、文化和社会等方面对新帝国主义展开批判性研究,力图揭示当代资本主义的运行机制、内在矛盾和发展趋势,并反思应对新帝国主义的策略问题和资本主义的替代性方案。 | |
| 410 | 0 | @12001 @a世界马克思主义与左翼研究论丛 |
| 606 | 0 | @a马克思主义@Ama ke si zhu yi@x研究 |
| 606 | 0 | @a帝国主义@Adi guo zhu yi@x研究 |
| 690 | @aA81@v5 | |
| 690 | @aD033.3@v5 | |
| 701 | 0 | @a覃诗雅@Aqin shi ya@4著 |
| 905 | @a河南城建学院图书馆@dA81@eQ463 | |
| 全球化时代的新帝国主义批判/覃诗雅著.-北京:当代中国出版社,2022.03 |
| 264页;24cm.-(世界马克思主义与左翼研究论丛/姜辉主编) |
| “十四五”时期国家重点出版物出版专项规划项目 |
| ISBN 978-7-5154-1172-9:CNY78.00 |
| 本书在借鉴马克思的资本主义批判理论、第二国际到列宁的帝国主义批判理论、国外马克思主义的新帝国主义批判理论的基础上,从经济、政治、军事、文化和社会等方面对新帝国主义展开批判性研究,力图揭示当代资本主义的运行机制、内在矛盾和发展趋势,并反思应对新帝国主义的策略问题和资本主义的替代性方案。 |
| ● |
| 相关链接 |
|
|
|
正题名:全球化时代的新帝国主义批判
索取号:A81/Q463
 
预约/预借
| 序号 | 登录号 | 条形码 | 馆藏地/架位号 | 状态 | 备注 |
| 1 | 1587242 | 215872429 | 社科库509/509社科库 3排4列6层/ [索取号:A81/Q463] | 在馆 | |
| 2 | 1587243 | 215872438 | 社科库509/509社科库 3排4列6层/ [索取号:A81/Q463] | 在馆 |